Musique par images - Statistiques

Statistiques générales
  • Ce quiz a été pris 95 fois
  • Le résultat moyen est 8 sur 20
Statistiques - réponses
Par images Hint Réponse % Correct
Johnny Hallyday Allumer le Feu
96%
Clara Luciani La Grenade
78%
Francis Cabrel La Corrida
74%
Calogero Le Portrait
64%
Début de Soirée Nuit de Folie
60%
La Bande à Basille La Chenille
59%
Patrick Fiori 4 Mots sur un Piano
58%
Bénabar Le Dîner
51%
BB Brunes Coups et Blessures
40%
Jean-Jacques Goldman Envole-moi
38%
Michel Delpech Le Loir-et-Cher
27%
Etienne Daho Duel au Soleil
22%
Michel Jonasz La Boîte de Jazz
21%
Véronique Sanson Vancouver
21%
William Sheller Un Homme Heureux
20%
Blues Trottoir Un Soir de Pluie
15%
Téléphone Hygiaphone
7%
Manau Mais qui est la Belette ?
5%
Julien Clerc Double Enfance
1%
Charles Trenet Route National 7
1%
Aucun quiz correspondant
Distribution des résultats
% des personnes avec chaque résultat
Percentile par nombre de réponses
Votre historique - résultats
Vous n’avez pas pris ce quiz